[Event "Hamburg-chT Landesliga 1920"]
[Site "Hamburg"]
[Date "2019.12.08"]
[Round "4.10"]
[White "Frackowiak, Oliver"]
[Black "Jahncke, Giso"]
[Result "0-1"]
[WhiteElo "2201"]
[BlackElo "2320"]
[PlyCount "64"]
[EventDate "2019.09.29"]
[EventType "team-tourn"]
[EventRounds "9"]
[EventCountry "GER"]
[SourceTitle "EXT 2021"]
[Source "ChessBase"]
[SourceDate "2020.10.23"]
[SourceVersion "1"]
[SourceVersionDate "2020.10.23"]
[SourceQuality "1"]

1. e4 e5 2. Nf3 Nc6 3. Bc4 Bc5 4. c3 Nf6 5. d3 0-0 6. 0-0 d6 7. h3 h6 8. Re1 a5 9. a4 Ne7 10. Nbd2 Ng6 11. Nf1 c6 12. Ng3 d5 13. exd5 cxd5 14. Bb5 Bd6 15. Be3 Qc7 16. Ne2 Be6 17. d4 e4 18. Nd2 Qc8 19. Ng3 Bxh3 20. gxh3 Qxh3 21. Bf1 Qh4 22. Bg2 Ng4 23. Nf5 Bh2+ 24. Kf1 Qh5 25. Ng3 Bxg3 26. fxg3 Ra6 27. Ke2 Qh2 28. Rg1 Nxe3 29. Kxe3 Qxg3+ 30. Ke2 Nf4+ 31. Kf1 e3 32. Qf3 e2+ 0-1

[Event "Hamburg-ch MA"]
[Site "Hamburg"]
[Date "2019.06.12"]
[Round "5"]
[White "Pfreundt, Jakob"]
[Black "Frackowiak, Oliver"]
[Result "1-0"]
[WhiteElo "2392"]
[BlackElo "2202"]
[PlyCount "93"]
[EventDate "2019.06.08"]
[EventType "swiss"]
[EventRounds "9"]
[EventCountry "GER"]
[SourceTitle "EXT 2022"]
[Source "ChessBase"]
[SourceDate "2021.10.06"]
[SourceVersion "1"]
[SourceVersionDate "2021.10.06"]
[SourceQuality "1"]

1. d4 d5 2. c4 e6 3. Nf3 Nf6 4. g3 dxc4 5. Bg2 a6 6. 0-0 Nc6 7. e3 Bd7 8. Qe2 Bd6 9. Qxc4 Qe7 10. Nbd2 0-0 11. Qc2 b5 12. Ne5 Nxe5 13. dxe5 Bxe5 14. Bxa8 Rxa8 15. Ne4 Rc8 16. Nc5 Bc6 17. Nd3 Be4 18. f3 Bg6 19. Qe2 Bd6 20. e4 e5 21. a4 c5 22. axb5 c4 23. Nf2 axb5 24. Be3 h5 25. h4 Nd7 26. Ra7 Qe6 27. Rd1 Nc5 28. Kg2 f6 29. Qd2 Bf8 30. Qa5 Be8 31. Rc7 Rxc7 32. Qxc7 Qc6 33. Qxc6 Bxc6 34. Bxc5 Bxc5 35. Rd8+ Bf8 36. Rc8 Bd7 37. Rc7 Be8 38. Nd1 Bd6 39. Rb7 Bc5 40. Nc3 Bd4 41. Nxb5 Bxb5 42. Rxb5 c3 43. Rb8+ Kf7 44. Rb7+ Kf8 45. b3 Ke8 46. Rc7 Kd8 47. Rc4 1-0

[Event "Hamburg-ch MA"]
[Site "Hamburg"]
[Date "2018.05.26"]
[Round "8"]
[White "Keyser, Philipp"]
[Black "Frackowiak, Oliver"]
[Result "0-1"]
[WhiteElo "2005"]
[BlackElo "2163"]
[PlyCount "86"]
[EventDate "2018.05.01"]
[EventType "swiss"]
[EventRounds "9"]
[EventCountry "GER"]
[SourceTitle "EXT 2020"]
[Source "ChessBase"]
[SourceDate "2019.10.17"]
[SourceVersion "1"]
[SourceVersionDate "2019.10.17"]
[SourceQuality "1"]

1. e4 d5 2. exd5 Qxd5 3. Nc3 Qa5 4. d4 Nf6 5. Nf3 Bg4 6. Be2 Nc6 7. Bd2 0-0-0 8. Ne4 Qh5 9. Ng3 Qd5 10. c4 Qd7 11. d5 Bxf3 12. Bxf3 Ne5 13. Bf4 Nxf3+ 14. Qxf3 e6 15. 0-0 exd5 16. cxd5 Qxd5 17. Rac1 Bd6 18. Qxd5 Nxd5 19. Bxd6 Rxd6 20. Nf5 Rd7 21. Nxg7 Nf4 22. Rc4 Ne2+ 23. Kh1 Rhd8 24. g3 Rd2 25. Rb1 Rd1+ 26. Rxd1 Rxd1+ 27. Kg2 Rd2 28. Rh4 Rxb2 29. Rxh7 Rxa2 30. h4 b5 31. h5 b4 32. h6 b3 33. Rh8+ Kb7 34. h7 b2 35. Rb8+ Kxb8 36. h8Q+ Kb7 37. Qh7 Nc3 38. Qd3 b1Q 39. Qxc3 Qb6 40. Qe1 a5 41. Nf5 Qc6+ 42. Kg1 Rc2 43. Qb1+ Ka8 0-1

[Event "Hamburg-ch MA"]
[Site "Hamburg"]
[Date "2018.05.24"]
[Round "6"]
[White "Kuberczyk, Christoph"]
[Black "Frackowiak, Oliver"]
[Result "1/2-1/2"]
[WhiteElo "2244"]
[BlackElo "2163"]
[PlyCount "38"]
[EventDate "2018.05.01"]
[EventType "swiss"]
[EventRounds "9"]
[EventCountry "GER"]
[SourceTitle "EXT 2020"]
[Source "ChessBase"]
[SourceDate "2019.10.17"]
[SourceVersion "1"]
[SourceVersionDate "2019.10.17"]
[SourceQuality "1"]

1. d4 d5 2. c4 e6 3. Nf3 Nf6 4. g3 dxc4 5. Bg2 a6 6. 0-0 Nc6 7. e3 Bd7 8. Qe2 Bd6 9. Qxc4 0-0 10. Rd1 Rb8 11. Nbd2 Qe7 12. Qc2 Nb4 13. Qb3 Qe8 14. a4 b5 15. axb5 Bxb5 16. Nc4 Be7 17. Nfe5 c5 18. dxc5 Bxc5 19. Bd2 Qe7 1/2-1/2

[Event "Hamburg-chT Landesliga 1718"]
[Site "Hamburg"]
[Date "2018.04.22"]
[Round "9.1"]
[White "Frackowiak, Oliver"]
[Black "Enxing, Simon"]
[Result "1/2-1/2"]
[WhiteElo "2163"]
[BlackElo "2177"]
[PlyCount "106"]
[EventDate "2017.10.08"]
[EventType "team-tourn"]
[EventRounds "9"]
[EventCountry "GER"]
[SourceTitle "EXT 2021"]
[Source "ChessBase"]
[SourceDate "2020.10.23"]
[SourceVersion "1"]
[SourceVersionDate "2020.10.23"]
[SourceQuality "1"]
[WhiteTeam "Hamburger SK IV"]
[BlackTeam "Johanneum Eppendorf II"]
[WhiteTeamCountry "GER"]
[BlackTeamCountry "GER"]

1. e4 c5 2. d4 e6 3. d5 Nf6 4. Nc3 exd5 5. exd5 d6 6. Nf3 Be7 7. h3 0-0 8. Bd3 Nbd7 9. 0-0 a6 10. a4 b6 11. Re1 Bb7 12. Bc4 Re8 13. Bf4 Bf8 14. Qd3 Qc8 15. Rxe8 Nxe8 16. Ng5 Ndf6 17. Re1 Qd7 18. b3 h6 19. Nge4 Qf5 20. Nxf6+ Qxf6 21. Qg3 g6 22. Ne4 Qd8 23. h4 Nf6 24. Nxd6 Bxd5 25. Bxd5 Nxd5 26. Re8 Qf6 27. Be5 Rxe8 28. Bxf6 Re1+ 29. Kh2 Nxf6 30. Qd3 Re6 31. Nc4 Ng4+ 32. Kg3 h5 33. f3 Nf6 34. Ne3 Bh6 35. Nd5 Nxd5 36. Qxd5 a5 37. c3 Be3 38. Qd8+ Kg7 39. Qd5 Bc1 40. Qd1 Be3 41. Qd3 Bg1 42. Kh3 f5 43. g3 Bf2 44. Qd5 Kf6 45. Kg2 Be3 46. f4 Ke7 47. Qb7+ Kf6 48. Qd7 Bc1 49. Kf2 Ba3 50. Qd1 Bb2 51. Qc2 Ba3 52. Qd2 Ke7 53. Qd5 Bb2 1/2-1/2

[Event "Hamburg Daehne Cup"]
[Site "Hamburg"]
[Date "2014.09.13"]
[Round "1"]
[White "Levintovskiy, Semen"]
[Black "Frackowiak, Oliver"]
[Result "0-1"]
[WhiteElo "1510"]
[BlackElo "2154"]
[PlyCount "58"]
[EventDate "2014.09.13"]
[EventType "k.o."]
[EventRounds "5"]
[EventCountry "GER"]
[SourceTitle "EXT 2022"]
[Source "ChessBase"]
[SourceDate "2021.10.06"]
[SourceVersion "1"]
[SourceVersionDate "2021.10.06"]
[SourceQuality "1"]

1. e4 d5 2. exd5 Qxd5 3. Nc3 Qa5 4. Nf3 Nf6 5. Bc4 Bg4 6. 0-0 Nc6 7. Be2 0-0-0 8. a3 e5 9. h3 Bh5 10. Na2 e4 11. b4 Qb6 12. Ne1 Bg6 13. c3 Ne5 14. Qb3 Nd5 15. c4 Nf4 16. Bd1 Ned3 17. Bc2 Ne2+ 18. Kh1 Nxf2+ 19. Kh2 Bd6+ 20. g3 Bxg3+ 21. Kg2 Nd3 22. Nxd3 exd3 23. Nc3 Qc6+ 24. Rf3 Nd4 25. Nd5 Bh4 26. b5 Qe6 27. Nf4 Qf6 28. Bb2 Qg5+ 29. Kf1 Nxf3 0-1

[Event "GER-chT U20"]
[Site "Greifswald"]
[Date "2002.12.28"]
[Round "4.3"]
[White "Balcerak, Philipp"]
[Black "Frackowiak, Oliver"]
[Result "1/2-1/2"]
[WhiteElo "2202"]
[BlackElo "2083"]
[PlyCount "41"]
[EventDate "2002.12.27"]
[EventType "team"]
[EventRounds "7"]
[EventCountry "GER"]
[SourceTitle "CBM 092 Extra"]
[Source "ChessBase"]
[SourceDate "2003.03.07"]
[SourceVersion "1"]
[SourceVersionDate "2003.03.07"]
[SourceQuality "1"]

1. e4 c5 2. Nf3 Nc6 3. d4 cxd4 4. Nxd4 Nf6 5. Nc3 e6 6. Ndb5 Bb4 7. a3 Bxc3+ 8. Nxc3 d5 9. exd5 exd5 10. Bd3 0-0 11. 0-0 d4 12. Ne2 Qd5 13. Nf4 Qd6 14. Nh5 Nxh5 15. Qxh5 h6 16. Re1 Bd7 17. Qh4 Rfe8 18. Bf4 Qd5 19. Bxh6 gxh6 20. Qxh6 f5 21. Qg6+ 1/2-1/2

[Event "DLM U20"]
[Site "Werfen"]
[Date "2002.07.30"]
[Round "4.1"]
[White "Werner, Daniel"]
[Black "Frackowiak, Oliver"]
[Result "1/2-1/2"]
[WhiteElo "2093"]
[BlackElo "2071"]
[PlyCount "38"]
[EventDate "2002.07.28"]
[EventType "team-swiss"]
[EventRounds "7"]
[EventCountry "GER"]
[SourceTitle "CBM 089 Extra"]
[Source "ChessBase"]
[SourceDate "2002.09.10"]
[SourceVersion "2"]
[SourceVersionDate "2002.09.10"]
[SourceQuality "1"]

1. e4 c5 2. Nf3 Nc6 3. d4 cxd4 4. Nxd4 Nf6 5. Nc3 e6 6. Ndb5 Bb4 7. Nd6+ Ke7 8. Bf4 e5 9. Nf5+ Kf8 10. Bd2 Bxc3 11. bxc3 d5 12. exd5 Qxd5 13. Ne3 Qc5 14. Bd3 g6 15. 0-0 Kg7 16. Qf3 Re8 17. Qg3 e4 18. Be2 Be6 19. Rab1 Rad8 1/2-1/2

[Event "Hamburg-ch int"]
[Site "Hamburg"]
[Date "2002.05.23"]
[Round "6"]
[White "Frackowiak, Oliver"]
[Black "Schulz, Hans Juergen"]
[Result "1-0"]
[WhiteElo "2069"]
[BlackElo "2104"]
[PlyCount "87"]
[EventDate "2002.05.18"]
[EventType "swiss"]
[EventRounds "9"]
[EventCountry "GER"]
[SourceTitle "CBM 088 Extra"]
[Source "ChessBase"]
[SourceDate "2002.07.01"]
[SourceVersion "2"]
[SourceVersionDate "2002.07.01"]
[SourceQuality "1"]

1. e4 e5 2. Nf3 d5 3. Nxe5 Bd6 4. d4 dxe4 5. Bc4 Bxe5 6. Qh5 Qxd4 7. Qxf7+ Kd8 8. Qf8+ Kd7 9. Bxg8 Na6 10. 0-0 Kc6 11. Be3 Qd6 12. Bd5+ Qxd5 13. Qxh8 Qf7 14. Qxh7 Bf5 15. Qh4 g5 16. Qh6+ Be6 17. Qxg5 Bxb2 18. Nd2 Bxa1 19. Rxa1 Rg8 20. Qe5 Kd7 21. Nxe4 Kc8 22. Ng5 Rxg5 23. Qxg5 b6 24. a3 c5 25. Rd1 Nc7 26. Qf4 Qg7 27. Qd6 Bd5 28. Qg3 Qf7 29. Bf4 Ne6 30. Rxd5 Nxf4 31. Qg4+ Kc7 32. Rd1 Ne6 33. Qg3+ Kc8 34. c3 Nf4 35. Qg4+ Kc7 36. Qg3 Kb7 37. Qf3+ Ka6 38. g3 Nh3+ 39. Kg2 Qe6 40. Rd3 Ng5 41. Qd5 Qh3+ 42. Kg1 Qg4 43. h4 Nh3+ 44. Kf1 1-0

[Event "Oberliga Nord N 0102"]
[Site "Germany"]
[Date "2002.01.20"]
[Round "4.8"]
[White "Frackowiak, Oliver"]
[Black "Herrmann, Carsten"]
[Result "1-0"]
[WhiteElo "2120"]
[BlackElo "2065"]
[PlyCount "51"]
[EventDate "2001.10.07"]
[EventType "team-tourn"]
[EventRounds "9"]
[EventCountry "GER"]
[SourceTitle "EXT 2002"]
[Source "ChessBase"]
[SourceDate "2001.11.25"]
[SourceVersion "1"]
[SourceVersionDate "2001.11.25"]
[SourceQuality "1"]
[WhiteTeam "Hamburger SK II"]
[BlackTeam "Neukloster II"]
[WhiteTeamCountry "GER"]
[BlackTeamCountry "GER"]

1. e4 e6 2. d4 d5 3. Nc3 Bb4 4. e5 Ne7 5. a3 Bxc3+ 6. bxc3 c5 7. Qg4 Qc7 8. Qxg7 Rg8 9. Qxh7 cxd4 10. Ne2 Nbc6 11. f4 Bd7 12. Qd3 dxc3 13. Nxc3 a6 14. Bd2 Nf5 15. g4 Rxg4 16. Bh3 Nxe5 17. fxe5 Qxe5+ 18. Kd1 Rd4 19. Qe2 Re4 20. Qf2 Rc8 21. Bxf5 exf5 22. Qf3 Rcc4 23. Rb1 Ba4 24. Rb4 Rxb4 25. axb4 Rxb4 26. Re1 1-0

[Event "GER-chT U20"]
[Site "Hamburg"]
[Date "2001.12.29"]
[Round "6.2"]
[White "Markert, Malte"]
[Black "Frackowiak, Oliver"]
[Result "1-0"]
[WhiteElo "2171"]
[BlackElo "2122"]
[PlyCount "79"]
[EventDate "2001.12.26"]
[EventType "team-tourn"]
[EventRounds "7"]
[EventCountry "GER"]
[SourceTitle "EXT 2003"]
[Source "ChessBase"]
[SourceDate "2002.11.25"]
[SourceVersion "1"]
[SourceVersionDate "2002.11.25"]
[SourceQuality "1"]

1. d4 Nf6 2. Nf3 g6 3. c4 Bg7 4. g3 0-0 5. Bg2 d6 6. 0-0 Nbd7 7. Nc3 e5 8. e3 c6 9. b3 Nh5 10. Ne4 exd4 11. exd4 d5 12. cxd5 cxd5 13. Nd6 Qb6 14. Nxc8 Raxc8 15. Bh3 f5 16. Bb2 Rfe8 17. Bg2 Nhf6 18. Ne5 Qd6 19. Qd3 a6 20. Rfe1 Nb8 21. a4 Bf8 22. h3 Nc6 23. Ba3 Qd8 24. Bxf8 Kxf8 25. g4 fxg4 26. hxg4 Kg7 27. Rad1 Qd6 28. g5 Nh5 29. Qf3 Nxe5 30. dxe5 Rxe5 31. Rxe5 Qxe5 32. Rxd5 Rc1+ 33. Bf1 Qe7 34. Qd3 Rc7 35. Qd4+ Kf7 36. Bc4 Rxc4 37. bxc4 Qe1+ 38. Kh2 Qc1 39. Rd7+ Ke8 40. Rd8+ 1-0

[Event "JBLN West 0102 "]
[Site "Germany"]
[Date "2001.12.09"]
[Round "?"]
[White "Frackowiak, Oliver"]
[Black "Groenhuis, Vincent"]
[Result "1/2-1/2"]
[WhiteElo "2008"]
[BlackElo "1944"]
[PlyCount "47"]
[EventDate "2002.10.??"]
[EventType "team-tourn"]
[EventRounds "9"]
[EventCountry "GER"]
[SourceTitle "EXT 2005"]
[Source "ChessBase"]
[SourceDate "2004.11.15"]
[SourceVersion "1"]
[SourceVersionDate "2004.11.15"]
[SourceQuality "1"]

1. e4 c5 2. d4 cxd4 3. c3 e5 4. cxd4 Nf6 5. Nc3 Bb4 6. dxe5 Nxe4 7. Qd4 Qa5 8. Nge2 Nxc3 9. bxc3 Bc5 10. Qg4 Rg8 11. Qg3 Nc6 12. Bf4 b6 13. Qd3 Ba6 14. Qd2 g5 15. Bg3 0-0-0 16. Nc1 Bxf1 17. Nb3 Qb5 18. Rxf1 Nxe5 19. Nxc5 Rge8 20. 0-0-0 Qxc5 21. Qd5 Qxc3+ 22. Kb1 Qb4+ 23. Ka1 Qc3+ 24. Kb1 1/2-1/2

[Event "Mirodata Cup U20 1st"]
[Site "Luebeck"]
[Date "2001.07.01"]
[Round "7"]
[White "Hintz, Bastian"]
[Black "Frackowiak, Oliver"]
[Result "0-1"]
[WhiteElo "1937"]
[BlackElo "2004"]
[PlyCount "66"]
[EventDate "2001.06.??"]
[EventType "tourn (rapid)"]
[EventRounds "7"]
[EventCountry "GER"]
[SourceTitle "EXT 2003"]
[Source "ChessBase"]
[SourceDate "2002.11.25"]
[SourceVersion "1"]
[SourceVersionDate "2002.11.25"]
[SourceQuality "1"]

1. e4 c5 2. Nc3 Nc6 3. f4 e6 4. Nf3 d5 5. Bb5 Nge7 6. 0-0 a6 7. Bxc6+ Nxc6 8. e5 Be7 9. d3 0-0 10. Qe1 Qc7 11. Qg3 f5 12. Bd2 Nb4 13. Rac1 d4 14. Nd1 Nxa2 15. Ra1 Nb4 16. Bxb4 cxb4 17. Rc1 Bc5 18. Nf2 b5 19. Nh3 Bb7 20. Nfg5 Qe7 21. Qh4 h6 22. Kf2 Bd5 23. Rg1 hxg5 24. Nxg5 g6 25. Qg3 Kg7 26. h4 Rh8 27. Rh1 Rh5 28. Rh3 a5 29. Qh2 a4 30. Rg1 Kf8 31. g4 fxg4 32. Rxg4 Ke8 33. Qg3 a3 0-1

[Event "JBLN West 0001 "]
[Site "Germany"]
[Date "2001.04.22"]
[Round "?"]
[White "Frackowiak, Oliver"]
[Black "Scepanik, Kolja"]
[Result "1/2-1/2"]
[WhiteElo "1944"]
[BlackElo "1812"]
[PlyCount "42"]
[EventDate "2000.??.??"]
[EventType "team-tourn"]
[EventRounds "9"]
[EventCountry "GER"]
[SourceTitle "EXT 2003"]
[Source "ChessBase"]
[SourceDate "2002.11.25"]
[SourceVersion "1"]
[SourceVersionDate "2002.11.25"]
[SourceQuality "1"]

1. e4 c5 2. d4 cxd4 3. c3 Nc6 4. cxd4 d5 5. exd5 Qxd5 6. Nf3 e6 7. a3 Nf6 8. Nc3 Qa5 9. Be2 Bd6 10. 0-0 a6 11. Be3 Ne7 12. b4 Qd8 13. Bg5 Ned5 14. Nxd5 exd5 15. Ne5 0-0 16. Bd3 h6 17. Bh4 g5 18. Bg3 Ne4 19. Qf3 f5 20. Qh5 Rf6 21. Ng6 Kh7 1/2-1/2

[Event "JBLN West 0001 "]
[Site "Germany"]
[Date "2000.11.26"]
[Round "?"]
[White "Scholvin, Bjoern"]
[Black "Frackowiak, Oliver"]
[Result "1/2-1/2"]
[WhiteElo "1950"]
[BlackElo "1944"]
[PlyCount "47"]
[EventDate "2000.??.??"]
[EventType "team-tourn"]
[EventRounds "9"]
[EventCountry "GER"]
[SourceTitle "EXT 2003"]
[Source "ChessBase"]
[SourceDate "2002.11.25"]
[SourceVersion "1"]
[SourceVersionDate "2002.11.25"]
[SourceQuality "1"]

1. e4 d5 2. exd5 Qxd5 3. Nc3 Qa5 4. d4 c6 5. Nf3 Bf5 6. Bc4 e6 7. Bd2 Nf6 8. Qe2 Bb4 9. 0-0-0 Nbd7 10. a3 Bxc3 11. Bxc3 Qc7 12. Ne5 b5 13. Bb3 Be4 14. Nxd7 Qxd7 15. Bb4 a5 16. Bc5 Bd5 17. Rhe1 Ne4 18. h4 Nxc5 19. dxc5 b4 20. a4 0-0 21. h5 Qd8 22. Qe3 Qf6 23. f4 Rfd8 24. g4 1/2-1/2

[Event "JBLN West 0001 "]
[Site "Germany"]
[Date "2000.11.04"]
[Round "?"]
[White "Patzer, Marco"]
[Black "Frackowiak, Oliver"]
[Result "0-1"]
[WhiteElo "1535"]
[BlackElo "1944"]
[PlyCount "24"]
[EventDate "2000.??.??"]
[EventType "team-tourn"]
[EventRounds "9"]
[EventCountry "GER"]
[SourceTitle "EXT 2003"]
[Source "ChessBase"]
[SourceDate "2002.11.25"]
[SourceVersion "1"]
[SourceVersionDate "2002.11.25"]
[SourceQuality "1"]

1. e4 d5 2. exd5 Qxd5 3. d4 Nc6 4. Nf3 Bg4 5. Nc3 Qh5 6. Be2 Nf6 7. Bf4 0-0-0 8. Nb5 Bxf3 9. gxf3 e5 10. Bxe5 Nxe5 11. f4 Nf3+ 12. Kf1 Qh3# 0-1